| 000 | 00000nas 2200000zi 4500 |
| 001 | 9.884895 |
| 003 | CaOODSP |
| 005 | 20231129100506 |
| 006 | m o d f |
| 007 | cr ||||||||||| |
| 008 | 200220d20142014oncfr p o f0 a0eng|d |
| 040 | |aCaOODSP|beng|erda|cCaOODSP |
| 043 | |an-cn--- |
| 086 | 1 |aYN2-5/5E-PDF |
| 245 | 00|aEconomic and fiscal outlook update ... |
| 264 | 1|aOttawa, Canada : |bOffice of the Parliamentary Budget Officer = Bureau du Directeur parlementaire du budget, |c2014. |
| 310 | |aSemiannual |
| 336 | |atext|btxt|2rdacontent |
| 337 | |acomputer|bc|2rdamedia |
| 338 | |aonline resource|bcr|2rdacarrier |
| 362 | 1 |aBegan and ceased with October 21, 2014. |
| 500 | |aIssued also in French under title: Mise à jour des perspectives économiques et financières … |
| 588 | |aDescription based on: October 21, 2014. |
| 588 | |aLatest issue consulted: October 21, 2014. |
| 650 | 0|aBudget|zCanada|vPeriodicals. |
| 655 | 7|aPeriodicals|2lcgft |
| 710 | 1 |aCanada. |bOffice of the Parliamentary Budget Officer. |
| 775 | 08|tMise à jour des perspectives économiques et financières …|w(CaOODSP)9.884896 |
| 780 | 00|tEconomic and fiscal outlook …|w(CaOODSP)9.884893 |
| 785 | 00|tEconomic and fiscal outlook.|w(CaOODSP)9.507751 |